<?xml version="1.0" encoding="UTF-8"?><?xml-stylesheet type="text/xsl" href="static/style.xsl"?><OAI-PMH xmlns="http://www.openarchives.org/OAI/2.0/" xmlns:xsi="http://www.w3.org/2001/XMLSchema-instance" xsi:schemaLocation="http://www.openarchives.org/OAI/2.0/ http://www.openarchives.org/OAI/2.0/OAI-PMH.xsd"><responseDate>2026-06-03T22:34:26Z</responseDate><request verb="GetRecord" identifier="oai:riuma.uma.es:10630/45424" metadataPrefix="marc">https://riuma.uma.es/rest/oai/request</request><GetRecord><record><header><identifier>oai:riuma.uma.es:10630/45424</identifier><datestamp>2026-02-14T00:47:34Z</datestamp><setSpec>com_10630_2254</setSpec><setSpec>col_10630_37956</setSpec></header><metadata><record xmlns="http://www.loc.gov/MARC21/slim" xmlns:dcterms="http://purl.org/dc/terms/" xmlns:doc="http://www.lyncode.com/xoai" xmlns:xsi="http://www.w3.org/2001/XMLSchema-instance" xsi:schemaLocation="http://www.loc.gov/MARC21/slim http://www.loc.gov/standards/marcxml/schema/MARC21slim.xsd">
   <leader>00925njm 22002777a 4500</leader>
   <datafield ind2=" " ind1=" " tag="042">
      <subfield code="a">dc</subfield>
   </datafield>
   <datafield ind2=" " ind1=" " tag="720">
      <subfield code="a">Márquez-Chamizo, Esperanza</subfield>
      <subfield code="e">author</subfield>
   </datafield>
   <datafield ind2=" " ind1=" " tag="260">
      <subfield code="c">2000</subfield>
   </datafield>
   <datafield ind2=" " ind1=" " tag="520">
      <subfield code="a">La orden de detención emitida por los Juzgados de Instrucción españoles contra Augusto Pinochet en 1987 fue uno de las actuaciones judiciales con más seguimiento mediático e informativo, tanto por parte de los operadores jurídicos como de la sociedad civil en general.
La apertura de los procedimientos judiciales por execrables crímenes cometidos en Chile o Argentina al amparo de la entonces denominada "Operación Cóndor" supusieron un replanteamiento de la denominada jurisdicción universal hasta entonces vinculada únicamente a la persecución de la piratería en orden al ejercicio de la jurisdicción penal extraterritorial en espacios a los que no llegaba el ejercicio de la jurisdicción penal por no estar el lugar de comisión del ilícito bajo la soberanía de ningún Estado. En esta ocasión no se justifica por esta razón la actuación de los órganos judiciales, sino que esta viene de la mano de la gravedad de gravísimos crímenes que no podían quedar impunes. Este trabajo intenta explicar tal cambio de dirección en la jurisdicción internacional internacional y sus consecuencias en los pilares básicos sobre los que esta se asienta, así como un ¿replanteamiento? del concepto de soberanía en relación con la defensa de los derechos humanos.</subfield>
   </datafield>
   <datafield ind1="8" ind2=" " tag="024">
      <subfield code="a">MÁRQUEZ CHAMIZO, E., “Algunas reflexiones sobre el asunto Pinochet. Nuevas perspectivas en Derecho Internacional”, I, II Curso y Ciclo de Conferencias Abiertas Aula de Formación Abierta 2000, pp. 331-338. ISBN 84-7496-817-8.</subfield>
   </datafield>
   <datafield ind1="8" ind2=" " tag="024">
      <subfield code="a">ISBN 84-7496-817-8</subfield>
   </datafield>
   <datafield ind1="8" ind2=" " tag="024">
      <subfield code="a">https://hdl.handle.net/10630/45424</subfield>
   </datafield>
   <datafield tag="653" ind2=" " ind1=" ">
      <subfield code="a">Derecho penal internacional</subfield>
   </datafield>
   <datafield ind2="0" ind1="0" tag="245">
      <subfield code="a">Algunas reflexiones sobre el asunto Pinochet. Nuevas perspectivas en Derecho Internacional.</subfield>
   </datafield>
</record>
</metadata></record></GetRecord></OAI-PMH>